000 01485nam0a22003491 4500
001 RU\NLR\Evr\4171
005 20251202160538.0
035 _a(NLR Aleph) 011420553
090 _a11603815
_c11603815
100 _a20110502d1930 u y0rusy50 ca
101 0 _ayid
102 _aRU
105 _ac |||||||||
200 1 _6a01
_7ba
_aFridrikh Engels
_fTsherevkov
210 _6a01
_aMoskve ; Kharkov ; Minsk
_cTsentraler felker-farlag fun FSSR
_d1930
_7ba
210 _6a01
_9z02
_aמאָסקווע ; כארקאָוו ; מינסק
_cצענטראלער פעלקער-פארלאג פון פססר
_d1930
210 _9z02
_aМосква ; Харьков ; Минск
_cЦентральное издательство народов СССР
_d1930
_7ca
215 _a16 с.
_cПортр.
_d19 см.
300 _aНа обложке автор дан: וול. טשערעווקאָוו
510 1 _6a01
_aפרידריך ענגעלס
_fטשערעווקאָוו
541 1 _aФридрих Энгельс
_zrus
600 1 _aЭнгельс
_bФ.
_f1820-1895
_gФридрих
_2nlr_zv
_3RU\NLR\AUTH\7949771
_7ca
700 1 _6a01
_aЧеревков
_bВ.Г.
_f1894-1960
_gВладимир Гервасьевич
_3RU\NLR\AUTH\7953562
_4070
_7ca
801 0 _aRU
_bNLR
_c20110502
_gpsbo
801 0 _aRU
_bNLR
_gPSBO
801 1 _aRU
_bNLR
_c20110502
_2rusmarc
801 2 _aRU
_bNLR
_c20110502
_2rusmarc
852 _aNLR
_bОЛСАА/идиш
_j2-674
942 _cBOOK
980 _aNB
980 1 _aIDISH